Statistiques concernant Culture Générale - Série 40

Cliquez ici pour prendre le quiz!

Statistiques générales

  • Ce quiz a été pris 392 fois
  • Le résultat moyen est 5 sur 10

Statistiques - réponses

QuestionRéponse% Correct
Combien d’étoiles compte-t-on sur le drapeau américain ?50
98%
Dans quel pays la Garonne prend-elle sa source ?Espagne
91%
Quelle est la capitale des Philippines ?Manille
78%
Dans quel pays se situe le célèbre site archéologique de Pétra ?Jordanie
72%
De quel département la ville d’Orléans est-elle le chef-lieu ?Loiret
65%
Quelle est la préfecture du département des Alpes-de-Haute-Provence ?Digne les Bains
34%
Sous quel pseudonyme connait-on mieux l'écrivain Henri Marie Beyle ?Stendhal
27%
Quel est le créateur du personnage appelé « Le Père Ubu » ?Alfred Jarry
27%
Qui a écrit le roman « Les nourritures terrestres » ?André Gide
15%
Comment appelle-t-on une une farce de caractère satirique ?Sotie
1%

Distribution des résultats

Percentile par nombre de réponses

% des personnes avec chaque résultat

Votre développement - résultats

Vous n’avez pas pris ce quiz